| 000 | 00462nam a2200133Ia 4500 | ||
|---|---|---|---|
| 008 | 260210s9999 xx 000 0 und d | ||
| 024 | _a12B-91-EL, 12B-92-EL, 12B-120-EL & 12B-123-EL | ||
| 082 | _a620.072 MAN | ||
| 100 | _aManal Zia, Fariha Kamal, Mustajab Ahmed & Bilal Naeem | ||
| 245 | 0 | _aArtificial Environment for Plant Using FPGA | |
| 260 |
_aKarachi: _bUITU, _c2012 |
||
| 600 | _aElectrical Engineering | ||
| 650 | _aBachelor of Engineering (BE) | ||
| 999 |
_c33170 _d33170 |
||